000
00318nam a2200109Ia 4500
008
200302s9999 xx 000 0 und d
100
_a
Per Arnoldi
245
_a
Colour is Communication Selected Projects for Foster+Partners 1996>2006
260
_b
Birkhauser Publishers for Architecture
260
_c
2007
300
_a
224
999
_c
3364
_d
3364